000 00364nam a2200157Ia 4500
003 0STCL
008 150530s9999 xx 000 0 und d
040 _aSTCL
_cSTCL
100 _aAcheson Dean
245 _aPresent at the creation
260 _bNew American library
_c1969
546 _aEnglish
942 _2ddc
_cBK
999 _c72032
_d72032
005 20220125171504.0